000 00591nam a2200205Ia 4500
003 OSt
005 20230403155452.0
008 210423s2008 xx 000 0 und d
020 _a8130904683
040 _cAL
041 _aeng
082 _a809.935 BLOH
100 _aBLOOM (Harold),Ed
_982790
245 _aViva modern critical interpretations T S Eliots the waste land.
260 _aNew Delhi
_bViva Books Pvt Ltd
_c2008
300 _avi,272
_bPB
365 _b175
_cINR
906 _acritical ; Eliots ; interpretations ; land. ; modern ; S ; T ; Viva ; waste
942 _2ddc
_cBK
999 _c158039
_d158039